| 000 | 00740nam a2200229 i 4500 | ||
|---|---|---|---|
| 001 | 177454 | ||
| 003 | ES-MaACL | ||
| 005 | 20230906220331.0 | ||
| 007 | t| | ||
| 008 | 110324q1944 sp af ||||1| spa d | ||
| 080 | _a75 Friedrich | ||
| 100 | 1 |
_aGutiérrez Marín, Manuel. _961180 |
|
| 245 | 1 | 4 |
_aLos paisajes de G. David Friedrich / _ctexto explicativo por M. Gutiérrez Marín. |
| 260 |
_aBarcelona : _bOrbis, _c1944. |
||
| 300 |
_a23 p. , 19 h. de lám. col. : _bil. bl. y n. ; _c26 cm. |
||
| 490 | 1 |
_aMonografías de arte ; _v11 |
|
| 500 | _aÍndice. | ||
| 600 | 1 | 4 |
_aFriedrich, Caspar David. _952647 |
| 830 | 0 |
_aMonografías de arte ; _v11 _9179845 |
|
| 852 |
_aES-MaACL _jE-14710 _xOlim P-334-bis |
||
| 999 |
_c177454 _d177454 |
||